| 000 | 00612nam a2200181Ia 4500 | ||
|---|---|---|---|
| 008 | 140529s9999 xx 000 0 und d | ||
| 020 | _a9781849736060 | ||
| 050 |
_aTP 155 _b.N285 2013 |
||
| 245 |
_aNatural product extraction: _bprinciples and applications / _cedited by Mauricio A Rostagno, Juliana M Prado |
||
| 260 |
_aCambridge, U.K. : _bRSC Pub., _cc2013. |
||
| 300 |
_a500 p. : _bill. ; _c24 cm. |
||
| 440 | _a(RSC Green chemistry series). | ||
| 500 | _aIncludes bibliographical references and index. | ||
| 521 | _aGE | ||
| 650 | _aChemical engineering. | ||
| 942 |
_kFOR _cBK |
||
| 999 |
_c117560 _d117560 |
||